Sports Quiz

Random Sports or Basketball Quiz

Highest NBA Salaries 2010-2011 Quiz Stats

 Plays Quiz not verified by Sporcle

Score 0/31 Timer 05:00
0 Plays Today
Player/Team % Correct
Kobe Bryant
93.1%
Kevin Garnett
83.3%
Los Angeles Lakers
80.4%
Pau Gasol
78.1%
Dirk Nowitzki
74.5%
Boston Celtics
71.9%
Tim Duncan
70.9%
Carmelo Anthony
70.9%
Dwight Howard
70.6%
Amare Stoudemire
70.3%
Orlando Magic
63.1%
Chris Paul
62.7%
Dallas Mavericks
62.7%
Joe Johnson
59.8%
Yao Ming
55.2%
Deron Williams
52.9%
Player/Team % Correct
Houston Rockets
51%
Gilbert Arenas
50%
Vince Carter
49.7%
Rashard Lewis
49.3%
Utah Jazz
47.1%
Elton Brand
44.8%
Atlanta Hawks
44.8%
Denver Nuggets
44.4%
Philadelphia 76ers
39.2%
New Orleans Hornets
35.3%
Michael Redd
33%
Zach Randolph
32%
Andrei Kirilenko
26.5%
Kenyon Martin
26.1%
Peja Stojakovic
17.3%

You're not logged in!

Compare scores with friends on all Sporcle quizzes.
OR
Log In

Show Comments

Extras

Top Quizzes Today


Score Distribution

Your Account Isn't Verified!

In order to create a playlist on Sporcle, you need to verify the email address you used during registration. Go to your Sporcle Settings to finish the process.

Report this User

Report this user for behavior that violates our Community Guidelines.

Details: